Skip to content
VuFind
All Fields
Title
Author
Subject
Call Number
ISBN/ISSN
Tag
Find
Advanced
Peristiwa di ats kapal
Cite this
Print
Export Record
Export to RefWorks
Export to EndNoteWeb
Export to EndNote
Export to MARC
Peristiwa di ats kapal
Bibliographic Details
Format:
Book
Holdings
Description
Similar Items
Staff View
MARC
LEADER
00000cam a2200000 7i4500
001
0000007270
002
000007821
005
20000330.0
020
|a
T000000620
090
0
0
|a
JF
|b
BAC
245
1
0
|a
Peristiwa di ats kapal
999
|a
016891
|b
BUKU
|c
PINJAMAN
|e
PERPUSTAKAAN KOMUNITI PETALING JAYA
Similar Items
Peristiwa di atas kapal
by: Wan Norsaedah
Published: (1987)
Pengembaraan di kapal
by: Blyton, Enid
Published: (1997)
Kapal
Published: (1974)
Peristiwa di jeram
by: Rosnah M.D
Published: (2001)
Peristiwa di sungai
by: Muhammad Bin Harun
Published: (2003)